AH International Schools' Libraries

The gingerbread boy / (Record no. 49372)

MARC details
000 -LEADER
fixed length control field 00303nam a2200109 4500
020 ## - INTERNATIONAL STANDARD BOOK NUMBER
International Standard Book Number 9781406343342
100 ## - MAIN ENTRY--PERSONAL NAME
Personal name French, Vivian
9 (RLIN) 22534
245 ## - TITLE STATEMENT
Title The gingerbread boy /
Statement of responsibility, etc Vivian French & John Prater
260 ## - PUBLICATION, DISTRIBUTION, ETC. (IMPRINT)
Place of publication, distribution, etc London
Name of publisher, distributor, etc Walker Books
Date of publication, distribution, etc 2000
300 ## - PHYSICAL DESCRIPTION
Extent unpaged.
Other physical details col. ill.
Dimensions 22 cm.
942 ## - ADDED ENTRY ELEMENTS (KOHA)
Source of classification or shelving scheme
Koha item type Book
Holdings
Withdrawn status Lost status Source of classification or shelving scheme Damaged status Not for loan Home library Current library Shelving location Date acquired Total Checkouts Full call number Barcode Date last seen Date checked out Price effective from Koha item type
          Asian Hope Early Years Library Asian Hope Early Years Library Easy Reading 08/20/2025 4 X FRE 208919 03/11/2026 02/25/2026 08/20/2025 Book

For any Logos Library related questions please contact Miss Art at swongnarasuk@asianhope.org.

For any Asian Hope Library related questions please contact Miss Raza at graza@asianhope.org.

Click here to explore our ebooks!

Powered by Koha